000 01201naa a22003497a 4500
001 BR7804707
003 BR-BrBNA
005 20240918174136.0
007 ta
008 230509b bl.||||| |||| 00| 0 por d
040 _aBR-BrBNA
_bpor
_cBiblioteca Nacional de Agricultura
041 _a(Pt)
072 _aF28
_b1910
_bG514
090 _aF28 BR7804707
100 1 _aFernandes, M.R.
100 1 _aPereira, R.R.
111 1 _aEncontro sobre Pecuaria Leiteira
_cSao Carlos, SP (Brazil)
_d23 Apr 1978
245 1 _aErosao em pastagens no Vale do Rio Doce Minas Gerais [Recuperacao do solo; Minas Gerais; Brasil]
260 3 _aSao Carlos, SP (Brasil):
_c1978.
500 _aAnais do Encontro sobre Pecuaria Leiteira Sao Carlos, SP (Brasil): 1978. p. 24-29 (BR7804707-AM)F28
650 _aRecuperacao do solo
650 _aPastagem
650 _aErosao hidrica
650 _aCobertura vegetal
650 _aConservacao do solo
650 _aSolo
650 _aVale do Rio Doce
650 _aMinas Gerais
773 0 _tAnais do Encontro sobre Pecuaria Leiteira
_wF28 BR7804707
_gSao Carlos, SP (Brasil), 1978. p. 24-29
909 _a202404
_bLucia
_c55
_dLucia Elande
942 _cAM
_2AGRIS
999 _c309172
_d309172